| 000 | 00711cam a22002052 4500 | ||
|---|---|---|---|
| 001 | 0000004925 | ||
| 005 | 20151217161556.0 | ||
| 008 | 070604s xx 000 0 eng d | ||
| 040 |
_aKABU _cKABU |
||
| 050 | 0 |
_aRS164 _b.K43 |
|
| 100 | 1 |
_aKebenei, Jepkemboi Sellah. _@0000160079 |
|
| 245 | 1 | 0 | _aIsolation and characterization of mosquito larvicidal compounds from clerodendrum myricoides and vernonia namygdalene. |
| 300 | _axi, 53 leaves. | ||
| 502 | _aThesis (Master of Philosophy) - Moi University, 2003. | ||
| 650 | 0 |
_aPlant drug. _@0000160080 |
|
| 650 | 0 |
_aMedicinal drug. _@0000160081 |
|
| 908 | _a070604 | ||
| 950 | _@1 | ||
| 999 |
_c15343 _d15343 |
||